| 000 -LEADER |
| fixed length control field |
00464nam a22001457a 4500 |
| 020 ## - INTERNATIONAL STANDARD BOOK NUMBER |
| International Standard Book Number |
9789354351273 |
| 082 ## - DEWEY DECIMAL CLASSIFICATION NUMBER |
| Classification number |
A99 G15 |
| 100 ## - MAIN ENTRY--PERSONAL NAME |
| Personal name |
Gantara, Ami |
| 9 (RLIN) |
31644 |
| 245 ## - TITLE STATEMENT |
| Title |
Mahabharata unravelled: lesser - known facets of a well-known history |
| Statement of responsibility, etc |
by Ami Gantara |
| 260 ## - PUBLICATION, DISTRIBUTION, ETC. (IMPRINT) |
| Place of publication, distribution, etc |
New Delhi |
| Name of publisher, distributor, etc |
Bloomsbury |
| Date of publication, distribution, etc |
2022 |
| 300 ## - PHYSICAL DESCRIPTION |
| Extent |
373p. |
| 650 ## - SUBJECT ADDED ENTRY--TOPICAL TERM |
| Topical term or geographic name as entry element |
Myth & legend told as fiction |
| 9 (RLIN) |
31645 |
| 650 ## - SUBJECT ADDED ENTRY--TOPICAL TERM |
| Topical term or geographic name as entry element |
Fiction - General |
| 9 (RLIN) |
31646 |
| 650 ## - SUBJECT ADDED ENTRY--TOPICAL TERM |
| Topical term or geographic name as entry element |
Ancient religions & mythologies |
| 9 (RLIN) |
31647 |